000 00233 a2200109 4500
245 _aTHE POWER AND THE GLORY
_hText
020 _a0140017917
100 _aGREENE, GREENE
650 _aEnglish Novel
005 20191017172806.0
260 _c1940
084 _aNONE
999 _c9376
_d9376